[Event "Vaujany Principal"]
[Site "Vaujany"]
[Date "2025.07.10"]
[Round "1"]
[White "Horvath, J."]
[Black "Potier, E."]
[Result "1-0"]
[WhiteElo "2387"]
[BlackElo "2013"]
[PlyCount "39"]
[EventDate "2025.07.10"]
[EventType "swiss"]
[EventRounds "9"]
[EventCountry "FRA"]
[SourceVersionDate "2025.07.10"]

1. c4 e6 2. Nf3 d5 3. e3 Nf6 4. b3 Be7 5. Bb2 O-O 6. Nc3 b6 7. d4 Bb7 8. Bd3 c5
9. cxd5 Nxd5 10. O-O cxd4 11. Nxd4 Nc6 12. Nxc6 Bxc6 13. Rc1 Rc8 14. Nxd5 Qxd5
15. Qg4 Qg5 16. Qxg5 Bxg5 17. Ba6 Rc7 18. Be5 Rcc8 19. Bxc8 Rxc8 20. Rc3 1-0

[Event "Vaujany Principal"]
[Site "Vaujany"]
[Date "2025.07.10"]
[Round "1"]
[White "Adda, O."]
[Black "Di Nicolantonio, L."]
[Result "0-1"]
[WhiteElo "2041"]
[BlackElo "2410"]
[PlyCount "50"]
[EventDate "2025.07.10"]
[EventType "swiss"]
[EventRounds "9"]
[EventCountry "FRA"]
[SourceVersionDate "2025.07.10"]

1. d4 d5 2. Nf3 Nf6 3. c4 e6 4. Nc3 c6 5. g3 Be7 6. Bg2 O-O 7. O-O a5 8. Ne5
Nfd7 9. Nxd7 Nxd7 10. cxd5 exd5 11. Bf4 Nb6 12. Rc1 a4 13. e4 dxe4 14. Bxe4 Be6
15. Re1 a3 16. b3 Bb4 17. Be5 Re8 18. Bxh7+ Kxh7 19. Qh5+ Kg8 20. Ne4 Be7 21.
f4 f6 22. Ng5 fxg5 23. Bxg7 Kxg7 24. Rxe6 Bf6 25. fxg5 Bxd4+ 0-1

[Event "Vaujany Principal"]
[Site "Vaujany"]
[Date "2025.07.10"]
[Round "1"]
[White "Francois, V."]
[Black "Breuil, V."]
[Result "0-1"]
[WhiteElo "1914"]
[BlackElo "2197"]
[PlyCount "68"]
[EventDate "2025.07.10"]
[EventType "swiss"]
[EventRounds "9"]
[EventCountry "FRA"]
[SourceVersionDate "2025.07.10"]

1. d4 d5 2. Bf4 Nf6 3. e3 c5 4. c3 Nc6 5. Nd2 e6 6. Ngf3 Bd6 7. Bg3 O-O 8. Ne5
Bxe5 9. dxe5 Nd7 10. Nf3 f6 11. exf6 Nxf6 12. Bd3 Qe7 13. Qe2 e5 14. e4 d4 15.
Bc4+ Kh8 16. Bd5 Bg4 17. O-O Nh5 18. Rfe1 Nf4 19. Qf1 Bxf3 20. gxf3 Qg5 21.
Bxc6 bxc6 22. cxd4 cxd4 23. Rac1 Rf6 24. Rc5 Raf8 25. Rec1 d3 26. Rd1 Ne2+ 27.
Kg2 Rxf3 28. Rxe5 Qg4 29. Qe1 h6 30. Rd2 Nf4+ 31. Kg1 Nh3+ 32. Kh1 Rxf2 33.
Rxf2 Rxf2 34. Bxf2 Qf3# 0-1

[Event "Vaujany Principal"]
[Site "Vaujany"]
[Date "2025.07.10"]
[Round "1"]
[White "Womacka, M."]
[Black "Fleur, W."]
[Result "1-0"]
[WhiteElo "2347"]
[BlackElo "1967"]
[PlyCount "57"]
[EventDate "2025.07.10"]
[EventType "swiss"]
[EventRounds "9"]
[EventCountry "FRA"]
[SourceVersionDate "2025.07.10"]

1. e4 e5 2. Nf3 Nc6 3. Bc4 Bc5 4. O-O d6 5. c3 Nf6 6. d3 h6 7. Re1 O-O 8. h3 a6
9. a4 Ba7 10. Nbd2 Re8 11. Nf1 Be6 12. Bxe6 Rxe6 13. b4 Ne7 14. Ng3 Ng6 15. c4
c6 16. d4 Qb6 17. a5 Qxb4 18. Ra4 Qb1 19. Re3 b5 20. axb6 Qxb6 21. Rb3 Qc7 22.
Rxa6 Ree8 23. Rba3 Reb8 24. Be3 c5 25. dxe5 dxe5 26. Bxh6 Nxe4 27. Nxe4 gxh6
28. Nc3 Qb7 29. Qa1 1-0

[Event "Vaujany Principal"]
[Site "Vaujany"]
[Date "2025.07.10"]
[Round "1"]
[White "Bremond, E."]
[Black "Hugyecz, B."]
[Result "1-0"]
[WhiteElo "2145"]
[BlackElo "1863"]
[PlyCount "65"]
[EventDate "2025.07.10"]
[EventType "swiss"]
[EventRounds "9"]
[EventCountry "FRA"]
[SourceVersionDate "2025.07.10"]

1. e4 e5 2. Nf3 Nf6 3. d4 Nxe4 4. Bd3 d5 5. Nxe5 Nd7 6. Nxd7 Bxd7 7. O-O Bd6 8.
c4 c6 9. cxd5 cxd5 10. Nc3 Nxc3 11. bxc3 O-O 12. Qh5 f5 13. Rb1 Qc7 14. Bd2
Rae8 15. h3 a6 16. Qf3 Bc6 17. Rfe1 Rxe1+ 18. Rxe1 Qf7 19. Bf4 Bxf4 20. Qxf4 g6
21. Qd6 Re8 22. Re5 Rxe5 23. dxe5 Qd7 24. Qxd7 Bxd7 25. f4 Kf7 26. Kf2 a5 27.
Ke3 b6 28. Kd4 Bc6 29. Be2 Ke6 30. Bf3 b5 31. Kc5 d4 32. Bxc6 dxc3 33. Bd5+ 1-0

[Event "Vaujany Principal"]
[Site "Vaujany"]
[Date "2025.07.10"]
[Round "1"]
[White "Garde, G."]
[Black "Testard, P."]
[Result "1-0"]
[WhiteElo "2196"]
[BlackElo "1908"]
[PlyCount "70"]
[EventDate "2025.07.10"]
[EventType "swiss"]
[EventRounds "9"]
[EventCountry "FRA"]
[SourceVersionDate "2025.07.10"]

1. e4 c5 2. Nc3 e6 3. Nge2 Nc6 4. g3 Nf6 5. Bg2 Be7 6. O-O O-O 7. d3 d5 8. exd5
exd5 9. h3 d4 10. Nb1 Rb8 11. a4 a6 12. Bf4 Bd6 13. Bg5 h6 14. Bxf6 Qxf6 15.
Nd2 Qd8 16. Ne4 Be7 17. Nf4 g5 18. Nd5 Be6 19. Nxe7+ Qxe7 20. Qh5 Kg7 21. Rae1
Rbe8 22. f4 gxf4 23. Rxf4 f5 24. Nd2 Qg5 25. Qf3 Bd5 26. Qf2 Bxg2 27. Rxe8 Rxe8
28. Rxf5 Qg6 29. Kxg2 b6 30. Ne4 Re6 31. Qf4 Ne7 32. Rf8 Nd5 33. Qb8 Ne7 34.
Rf2 Nf5 35. Qf4 c4 1-0

[Event "Vaujany Principal"]
[Site "Vaujany"]
[Date "2025.07.10"]
[Round "1"]
[White "Fondrat, J."]
[Black "Etienne, B."]
[Result "1-0"]
[WhiteElo "2175"]
[BlackElo "1885"]
[PlyCount "69"]
[EventDate "2025.07.10"]
[EventType "swiss"]
[EventRounds "9"]
[EventCountry "FRA"]
[SourceVersionDate "2025.07.10"]

1. d4 d5 2. c4 c6 3. cxd5 cxd5 4. Bf4 Nc6 5. Nc3 e5 6. dxe5 d4 7. Ne4 Qa5+ 8.
Nd2 Nge7 9. Ngf3 Ng6 10. g3 Bf5 11. Bg2 Nxf4 12. gxf4 Rd8 13. O-O Be7 14. a3
O-O 15. Re1 Qb6 16. Nc4 Qa6 17. Rc1 b5 18. Ncd2 Rd7 19. Nh4 Bxh4 20. Rxc6 Qa5
21. Nb3 Qd8 22. Nc5 Rd5 23. Nb7 Qd7 24. Rd6 Rxd6 25. Nxd6 f6 26. Qxd4 fxe5 27.
fxe5 Be4 28. Rf1 Bxg2 29. Kxg2 Qe7 30. f4 g5 31. f5 Qc7 32. f6 Qc6+ 33. Kg1 Rd8
34. e6 Rxd6 35. f7+ 1-0

[Event "Vaujany Principal"]
[Site "Vaujany"]
[Date "2025.07.10"]
[Round "1"]
[White "Hamm, R."]
[Black "Kanov, N."]
[Result "0-1"]
[WhiteElo "2094"]
[BlackElo "2447"]
[PlyCount "66"]
[EventDate "2025.07.10"]
[EventType "swiss"]
[EventRounds "9"]
[EventCountry "FRA"]
[SourceVersionDate "2025.07.10"]

1. e4 c5 2. Nf3 e6 3. d4 cxd4 4. Nxd4 Nc6 5. Nc3 Qc7 6. Be3 a6 7. a3 b5 8. Nxc6
dxc6 9. Be2 Bb7 10. Bf3 Nf6 11. O-O Bd6 12. g3 h5 13. Qe2 h4 14. Bd4 Be5 15.
Bxe5 Qxe5 16. Bg2 hxg3 17. hxg3 g5 18. Rad1 g4 19. Rd2 Kf8 20. Rfd1 c5 21. Qe3
Kg7 22. Ne2 Rh6 23. Nf4 Rah8 24. Nd3 Qxe4 25. Qg5+ Kf8 26. f3 gxf3 27. Nf2 Qg6
28. Qxc5+ Kg7 29. Rd7 fxg2 30. Rxb7 Rh1+ 31. Kxg2 R8h2+ 32. Kf3 Rxf2+ 33. Kxf2
Ne4+ 0-1

[Event "Vaujany Principal"]
[Site "Vaujany"]
[Date "2025.07.10"]
[Round "1"]
[White "Anuj, S."]
[Black "Charvein, G."]
[Result "1-0"]
[WhiteElo "2416"]
[BlackElo "2025"]
[PlyCount "91"]
[EventDate "2025.07.10"]
[EventType "swiss"]
[EventRounds "9"]
[EventCountry "FRA"]
[SourceVersionDate "2025.07.10"]

1. c4 e6 2. g3 d5 3. Bg2 c5 4. Nf3 Nc6 5. cxd5 exd5 6. d4 Nf6 7. O-O Be7 8.
dxc5 Bxc5 9. a3 O-O 10. b4 Bb6 11. Nc3 Re8 12. Bg5 d4 13. Na4 h6 14. Bxf6 Qxf6
15. Nxb6 axb6 16. b5 Na5 17. Nxd4 Bg4 18. Qd3 Rad8 19. e3 Be6 20. Qc2 Rc8 21.
Qb2 h5 22. h4 Rc5 23. Rab1 Bf5 24. Nxf5 Qxf5 25. Qd4 Qc8 26. Rfd1 Nc4 27. a4
Ne5 28. Rb2 Ng4 29. Rbd2 Rc2 30. Bf3 Ne5 31. Bxh5 Rc4 32. Qd8 g6 33. Be2 Rxa4
34. Qxc8 Rxc8 35. f4 Nc4 36. Rc2 Rc5 37. Bxc4 Raxc4 38. Rxc4 Rxc4 39. Rd6 Rc3
40. Kf2 Kg7 41. Rxb6 Rc7 42. g4 Rd7 43. Kf3 Re7 44. e4 Rc7 45. g5 Re7 46. f5
1-0

[Event "Vaujany Principal"]
[Site "Vaujany"]
[Date "2025.07.10"]
[Round "1"]
[White "Hamdouchi, H."]
[Black "Ulrich, T."]
[Result "1-0"]
[WhiteElo "2515"]
[BlackElo "2095"]
[PlyCount "93"]
[EventDate "2025.07.10"]
[EventType "swiss"]
[EventRounds "9"]
[EventCountry "FRA"]
[SourceVersionDate "2025.07.10"]

1. e4 c6 2. c4 d5 3. cxd5 cxd5 4. exd5 Nf6 5. Nc3 Nxd5 6. Nf3 Nc6 7. Bb5 e6 8.
O-O Be7 9. d4 O-O 10. Qe2 Nf6 11. Rd1 Nb4 12. Bf4 a6 13. Ba4 b5 14. Bb3 Bb7 15.
Ne5 Nfd5 16. Bd2 Rc8 17. a4 Nxc3 18. bxc3 Bd5 19. Bxd5 Nxd5 20. axb5 axb5 21.
Qxb5 Nxc3 22. Bxc3 Rxc3 23. Nd7 Re8 24. Nb6 Rf8 25. Nd7 Re8 26. Ra7 Rc8 27. g3
Ra8 28. Rda1 Rxa7 29. Rxa7 Bf8 30. h4 h6 31. Ne5 Qxd4 32. Rxf7 Qa1+ 33. Kh2 Rd8
34. Rf4 Bd6 35. Qb6 Qa8 36. Rd4 Bc7 37. Qxe6+ Kh7 38. Qf5+ Kg8 39. Qf7+ Kh7 40.
Nd7 Kh8 41. Rg4 Qa1 42. Re4 Bd6 43. h5 Qc3 44. Re8+ Rxe8 45. Qxe8+ Kh7 46. Qg6+
Kh8 47. Qxd6 1-0

[Event "Vaujany Principal"]
[Site "Vaujany"]
[Date "2025.07.10"]
[Round "1"]
[White "Alcantara, E."]
[Black "Mohammad, N."]
[Result "0-1"]
[WhiteElo "1969"]
[BlackElo "2378"]
[PlyCount "46"]
[EventDate "2025.07.10"]
[EventType "swiss"]
[EventRounds "9"]
[EventCountry "FRA"]
[SourceVersionDate "2025.07.10"]

1. d4 g6 2. c4 Bg7 3. Nc3 d6 4. e4 e5 5. d5 a5 6. Be2 Na6 7. h4 h5 8. Nf3 Nc5
9. O-O Bd7 10. Bg5 f6 11. Be3 Nh6 12. a3 Ng4 13. b4 Nxe3 14. fxe3 Na6 15. Qb3
Bh6 16. Nb5 O-O 17. Rfd1 f5 18. exf5 e4 19. fxg6 exf3 20. Bxf3 Rxf3 21. gxf3
Qxh4 22. Nd4 Re8 23. f4 Qg3+ 0-1

[Event "Vaujany Principal"]
[Site "Vaujany"]
[Date "2025.07.11"]
[Round "2"]
[White "Breuil, Virgile"]
[Black "Anuj, Shrivatri"]
[Result "0-1"]
[WhiteElo "2197"]
[BlackElo "2446"]
[PlyCount "94"]
[EventDate "2025.07.10"]
[EventType "swiss"]
[EventRounds "9"]
[EventCountry "FRA"]
[SourceVersionDate "2025.07.10"]

1. e4 c5 2. Nf3 d6 3. d4 cxd4 4. Nxd4 Nf6 5. Nc3 a6 6. h3 e6 7. g4 h6 8. Bg2
Be7 9. Be3 Nc6 10. Qe2 Nxd4 11. Bxd4 e5 12. Be3 b5 13. a3 Be6 14. Qd2 Rb8 15.
Rd1 a5 16. O-O b4 17. axb4 axb4 18. Nd5 Bxd5 19. exd5 Nd7 20. Ra1 O-O 21. Qd3
Bg5 22. Ra7 Bxe3 23. fxe3 Nc5 24. Qf5 Rb7 25. Raa1 Qg5 26. Qxg5 hxg5 27. b3 g6
28. Rf6 Rd7 29. e4 Kg7 30. Rf2 Rc8 31. Ra5 Rcc7 32. Rb5 Rb7 33. Rxc5 dxc5 34.
Bf1 Rd6 35. Rd2 Kf8 36. Bc4 Ra7 37. Rd1 Ra2 38. Rd2 Ke7 39. Rf2 Ra1+ 40. Kg2
Re1 41. Bd3 Rf6 42. Rd2 Kd6 43. Be2 Rf4 44. Bd3 f5 45. gxf5 gxf5 46. exf5 e4
47. Bc4 e3 0-1

[Event "Vaujany Principal"]
[Site "Vaujany"]
[Date "2025.07.11"]
[Round "2"]
[White "Kanov, N."]
[Black "Pucher, S."]
[Result "1-0"]
[WhiteElo "2447"]
[BlackElo "2199"]
[PlyCount "83"]
[EventDate "2025.07.10"]
[EventType "swiss"]
[EventRounds "9"]
[EventCountry "FRA"]
[SourceVersionDate "2025.07.10"]

1. e4 c5 2. Nf3 Nc6 3. d4 cxd4 4. Nxd4 g6 5. c4 Bg7 6. Be3 d6 7. Nc3 Nxd4 8.
Bxd4 Bxd4 9. Qxd4 Nf6 10. Be2 O-O 11. O-O Bd7 12. Rfd1 Qa5 13. Rab1 Rfc8 14. f3
Qb4 15. b3 a6 16. Rbc1 b5 17. cxb5 Qxd4+ 18. Rxd4 axb5 19. Kf2 Ne8 20. Ke1 Rc5
21. b4 Rc6 22. Rd2 Nc7 23. Rdc2 Rca6 24. a4 Rb6 25. a5 Rb7 26. Nd5 Nxd5 27.
exd5 Raa7 28. Kd2 Kf8 29. h4 Ke8 30. h5 Kd8 31. hxg6 hxg6 32. Rh1 e6 33. dxe6
Bxe6 34. Rh8+ Ke7 35. Bd3 Bf5 36. Bxf5 gxf5 37. Ke3 Rc7 38. Rxc7+ Rxc7 39. Rb8
Rc3+ 40. Kd2 Ra3 41. Rxb5 f4 42. Kc2 1-0

[Event "Vaujany Principal"]
[Site "Vaujany"]
[Date "2025.07.11"]
[Round "2"]
[White "Breuil, T."]
[Black "Hamdouchi, H."]
[Result "1-0"]
[WhiteElo "2280"]
[BlackElo "2515"]
[PlyCount "71"]
[EventDate "2025.07.10"]
[EventType "swiss"]
[EventRounds "9"]
[EventCountry "FRA"]
[SourceVersionDate "2025.07.10"]

1. e4 c5 2. Nf3 Nc6 3. d4 cxd4 4. Nxd4 e6 5. Nc3 Qc7 6. g3 a6 7. Bg2 h5 8. Nf3
Nf6 9. O-O d6 10. Bg5 Ng4 11. Ne2 b6 12. b3 Bb7 13. c4 Nce5 14. Nfd4 Nf6 15.
Qc2 Be7 16. Rac1 Rc8 17. h3 Qb8 18. Nc3 O-O 19. Qe2 Rfe8 20. f4 Ned7 21. f5 e5
22. Nf3 b5 23. Kh2 bxc4 24. bxc4 Nc5 25. Bxf6 Bxf6 26. g4 hxg4 27. hxg4 Bd8 28.
g5 Kf8 29. Bh3 f6 30. Nh4 fxg5 31. Ng6+ Kg8 32. f6 gxf6 33. Qh5 Kg7 34. Bf5 Rg8
35. Kg3 Ba5 36. Rh1 1-0

[Event "Vaujany Principal"]
[Site "Vaujany"]
[Date "2025.07.11"]
[Round "2"]
[White "Haussernot, C."]
[Black "Gendre, S."]
[Result "1-0"]
[WhiteElo "2170"]
[BlackElo "1929"]
[PlyCount "55"]
[EventDate "2025.07.10"]
[EventType "swiss"]
[EventRounds "9"]
[EventCountry "FRA"]
[SourceVersionDate "2025.07.10"]

1. e4 d6 2. d4 Nf6 3. Nc3 g6 4. Be3 c6 5. h3 Nbd7 6. f4 e5 7. Nf3 Qe7 8. Qd2
Bg7 9. Bd3 O-O 10. g4 exf4 11. Bxf4 Nd5 12. Bh6 Nxc3 13. bxc3 f5 14. Bg5 Qe6
15. gxf5 gxf5 16. Be3 fxe4 17. Ng5 Qe7 18. Nxe4 Re8 19. Rg1 Kh8 20. O-O-O d5
21. Rxg7 Qxg7 22. Rg1 Qe7 23. Ng5 h6 24. Qf2 Rf8 25. Qh4 Rf6 26. Bf4 Qf8 27.
Nf7+ Qxf7 28. Bxh6 1-0

[Event "Vaujany Principal"]
[Site "Vaujany"]
[Date "2025.07.11"]
[Round "2"]
[White "Dudognon, T."]
[Black "Bremond, E."]
[Result "1-0"]
[WhiteElo "2365"]
[BlackElo "2145"]
[PlyCount "81"]
[EventDate "2025.07.10"]
[EventType "swiss"]
[EventRounds "9"]
[EventCountry "FRA"]
[SourceVersionDate "2025.07.10"]

1. e4 c6 2. Nf3 d5 3. d3 dxe4 4. dxe4 Qxd1+ 5. Kxd1 Nf6 6. Nc3 Bg4 7. Be2 Nbd7
8. Nd2 e5 9. Bxg4 Nxg4 10. Ke2 Bb4 11. Nd1 a5 12. f3 Ngf6 13. a4 Ke7 14. Nf2
Ne8 15. Nd3 Bxd2 16. Bxd2 Nc7 17. b4 axb4 18. Bxb4+ Ke6 19. Rhd1 Na6 20. Ba3
Rhd8 21. f4 f6 22. Rab1 b6 23. fxe5 fxe5 24. Rf1 Nc7 25. Ke3 b5 26. Rfd1 Rxa4
27. Bb4 Na6 28. c3 Ra8 29. Nb2 Nxb4 30. Nxa4 Nc2+ 31. Kf3 Rxa4 32. Rb2 Na3 33.
Rbd2 Nb6 34. Rd6+ Ke7 35. Rxc6 Nac4 36. Rc7+ Kf6 37. Kg3 Ra8 38. Rf1+ Kg6 39.
Rc6+ Kh5 40. Rf5+ g5 41. Rff6 1-0

[Event "Vaujany Principal"]
[Site "Vaujany"]
[Date "2025.07.12"]
[Round "3"]
[White "Womacka, M."]
[Black "Di Nicolantonio, L."]
[Result "1/2-1/2"]
[WhiteElo "2347"]
[BlackElo "2410"]
[PlyCount "35"]
[EventDate "2025.07.10"]
[EventType "swiss"]
[EventRounds "9"]
[EventCountry "FRA"]
[SourceVersionDate "2025.07.10"]

1. e4 e6 2. d4 d5 3. e5 c5 4. c3 Nc6 5. Nf3 Nge7 6. Bd3 cxd4 7. cxd4 Nf5 8. Be3
Be7 9. Nc3 O-O 10. O-O Nxe3 11. fxe3 Bd7 12. Qc2 g6 13. a3 f5 14. exf6 Bxf6 15.
Bxg6 hxg6 16. Qxg6+ Kh8 17. Qh6+ Kg8 18. Qg6+ 1/2-1/2

[Event "Vaujany Principal"]
[Site "Vaujany"]
[Date "2025.07.11"]
[Round "2"]
[White "Di Nicolantonio, L."]
[Black "Garde, G."]
[Result "1-0"]
[WhiteElo "2410"]
[BlackElo "2196"]
[PlyCount "145"]
[EventDate "2025.07.10"]
[EventType "swiss"]
[EventRounds "9"]
[EventCountry "FRA"]
[SourceVersionDate "2025.07.10"]

1. Nf3 d5 2. e3 c5 3. d4 Nf6 4. c3 Qc7 5. dxc5 Qxc5 6. Be2 g6 7. O-O Bg7 8. b4
Qc7 9. Bb2 O-O 10. Nbd2 Nc6 11. Rc1 $6 (11. Qb3 {plus précis, pour éviter la
suite de la partie}) 11... Ne4 $1 12. Qb3 Nxd2 13. Nxd2 Rd8 14. b5 Na5 15. Qb4
Be6 $1 16. Ba3 Rd7 17. c4 dxc4 18. Nxc4 Nxc4 19. Bxc4 Bxc4 20. Rxc4 Qd8 21.
Rcc1 Rc8 22. g3 Rxc1 23. Rxc1 Rd1+ 24. Rxd1 Qxd1+ 25. Kg2 Bf6 26. Qe4 Qd7 27.
Qc4 h5 28. h3 Kg7 29. Bb4 Qd1 30. a3 Qa4 31. Qd5 a5 $1 32. bxa6 Qxa6 33. e4 Bb2
34. Bxe7 Bxa3 35. Bxa3 Qxa3 36. Qxb7 {la finale est objectivement égale, mais
il faut encore défendre} Qc3 37. Qd5 Qb2 38. e5 Qc2 39. Qf3 Qc4 40. Qf6+ Kg8
41. Kh2 Qd4 42. Qf4 Qd5 43. g4 hxg4 44. hxg4 Kg7 45. f3 Qe6 46. Kg3 Qe7 47. Qd4
Qe6 48. Qd6 Qe8 $1 49. Qf6+ Kh7 50. Kh4 Qd7 51. Kg5 Qe8 52. Qd6 Kg7 53. f4 Kh7
54. e6 fxe6 55. Qc7+ Kg8 56. Kf6 Qf8+ 57. Kxg6 Qe8+ 58. Kf6 Qf8+ 59. Kxe6 Qe8+
60. Kf6 Qf8+ 61. Kg5 Qb4 62. f5 Qd4 63. Qe7 Qg1 64. Qe8+ Kh7 65. Qh5+ Kg8 66.
Kh6 Kf8 67. Kg6 Qe1 68. f6 Qe4+ 69. Qf5 Qe8+ 70. Kh6 Qe3+ 71. g5 Qc1 72. Qe4
Qh1+ 73. Qxh1 1-0

[Event "Vaujany Principal"]
[Site "Vaujany"]
[Date "2025.07.11"]
[Round "2"]
[White "Horvath, A."]
[Black "Womacka, M."]
[Result "0-1"]
[WhiteElo "2097"]
[BlackElo "2347"]
[PlyCount "76"]
[EventDate "2025.07.10"]
[EventType "swiss"]
[EventRounds "9"]
[EventCountry "FRA"]
[SourceVersionDate "2025.07.10"]

1. e4 c5 2. Nf3 d6 3. d4 cxd4 4. Nxd4 Nf6 5. Nc3 a6 6. h3 e6 7. g4 Be7 8. Bg2
Nfd7 9. Be3 b5 10. O-O Bb7 11. a4 b4 12. Na2 Nc5 13. Nxb4 Nxe4 14. Nbc6 Nxc6
15. Bxe4 Qc7 16. c3 O-O 17. f4 Nxd4 18. Qxd4 Rac8 19. Rf2 Bxe4 20. Qxe4 Qc4 21.
Qxc4 Rxc4 22. Bd4 Rb8 23. Kg2 g5 24. f5 e5 25. Be3 f6 26. Rd2 Kf7 27. Kf3 h5
28. Ra2 hxg4+ 29. hxg4 Rh8 30. Rg2 d5 31. Bd2 Rh3+ 32. Ke2 d4 33. cxd4 exd4 34.
b4 Bxb4 35. Bxb4 Rxb4 36. Kd2 Ke7 37. Kc1 Kd6 38. Rge2 Re3 0-1

[Event "Vaujany Principal"]
[Site "Vaujany"]
[Date "2025.07.12"]
[Round "3"]
[White "Adda, O."]
[Black "Breuil, V."]
[Result "0-1"]
[WhiteElo "2041"]
[BlackElo "2197"]
[PlyCount "50"]
[EventDate "2025.07.10"]
[EventType "swiss"]
[EventRounds "9"]
[EventCountry "FRA"]
[SourceVersionDate "2025.07.10"]

1. e4 e5 2. Nf3 Nc6 3. Bc4 Nf6 4. d4 exd4 5. O-O d6 6. Ng5 Ne5 7. Bb3 h6 8. f4
hxg5 9. fxe5 dxe5 10. Bxg5 Be7 11. Nd2 Qd6 12. Nc4 Qc5 13. c3 Be6 14. cxd4 exd4
15. Bxf6 Bxf6 16. Rc1 d3+ 17. Kh1 O-O-O 18. e5 Bxe5 19. Nxe5 Qxe5 20. Bxe6+
fxe6 21. h3 d2 22. Rc2 Qe3 23. Rf7 c6 24. Rf1 Rxh3+ 25. gxh3 Qxh3+ 0-1

[Event "Vaujany Principal"]
[Site "Vaujany"]
[Date "2025.07.12"]
[Round "3"]
[White "Joie, S."]
[Black "Kanov, N."]
[Result "1-0"]
[WhiteElo "2375"]
[BlackElo "2447"]
[PlyCount "101"]
[EventDate "2025.07.10"]
[EventType "swiss"]
[EventRounds "9"]
[EventCountry "FRA"]
[SourceVersionDate "2025.07.10"]

1. Nf3 g6 2. e4 d6 3. d4 Nf6 4. Nc3 Bg7 5. Be3 c6 6. Qd2 b5 7. Bh6 Bxh6 8. Qxh6
b4 9. Nd1 Nxe4 10. Bd3 Nf6 11. a3 b3 12. c4 Bf5 13. Bxf5 Qa5+ 14. Nc3 Qxf5 15.
O-O Nbd7 16. Rfe1 O-O-O 17. d5 e5 18. dxe6 fxe6 19. Nd4 Qxf2+ 20. Kxf2 Ng4+ 21.
Kg1 Nxh6 22. Nxc6 Nc5 23. Nxd8 Rxd8 24. Rad1 Nf7 25. Ne4 Nb7 26. Re3 Na5 27.
Rf3 Ne5 28. Nxd6+ Rxd6 29. Rxd6 Nxf3+ 30. gxf3 Kc7 31. Rxe6 Nxc4 32. Re4 Nxb2
33. Re3 Kc6 34. Rxb3 Nc4 35. Kf2 a5 36. a4 Nb6 37. Rb5 Nxa4 38. Rxa5 Nc5 39.
Ra7 Nd7 40. Kg3 Kd6 41. Kf4 Nf8 42. Kg5 Ne6+ 43. Kf6 Nd4 44. Rxh7 Nxf3 45. Kxg6
Ke6 46. Rh5 Ke7 47. Rh3 Ne5+ 48. Kf5 Nc4 49. Rd3 Nd6+ 50. Rxd6 Kxd6 51. Kf6 1-0

[Event "Vaujany Principal"]
[Site "Vaujany"]
[Date "2025.07.12"]
[Round "3"]
[White "Anuj, S."]
[Black "Dudognon, T."]
[Result "1-0"]
[WhiteElo "2416"]
[BlackElo "2365"]
[PlyCount "65"]
[EventDate "2025.07.10"]
[EventType "swiss"]
[EventRounds "9"]
[EventCountry "FRA"]
[SourceVersionDate "2025.07.10"]

1. c4 e5 2. Nc3 Nc6 3. g3 Bc5 4. Bg2 a6 5. e3 d6 6. Nf3 Ba7 7. d4 Bg4 8. dxe5
Nxe5 9. h3 Bxf3 10. Bxf3 Nxf3+ 11. Qxf3 Rb8 12. O-O Ne7 13. b3 Qd7 14. Kg2 O-O
15. Bb2 b5 16. Nd5 f5 17. Rac1 b4 18. Rfd1 Bc5 19. Nf4 a5 20. Bd4 Bxd4 21. Rxd4
g5 22. Nd3 Qe6 23. c5 d5 24. Qh5 h6 25. h4 Nc6 26. hxg5 Nxd4 27. exd4 Qe4+ 28.
Kg1 Qxd4 29. Re1 Qg7 30. Re6 Qa1+ 31. Kg2 Rf7 32. Ne5 Rh7 33. Re8+ 1-0

[Event "Vaujany Principal"]
[Site "Vaujany"]
[Date "2025.07.12"]
[Round "3"]
[White "Horvath, J."]
[Black "Haussernot, C."]
[Result "1/2-1/2"]
[WhiteElo "2387"]
[BlackElo "2170"]
[PlyCount "60"]
[EventDate "2025.07.10"]
[EventType "swiss"]
[EventRounds "9"]
[EventCountry "FRA"]
[SourceVersionDate "2025.07.10"]

1. c4 Nf6 2. Nf3 g6 3. b3 Bg7 4. Bb2 O-O 5. g3 b6 6. Bg2 Bb7 7. O-O c5 8. d4 d5
9. Nbd2 Ne4 10. cxd5 Bxd5 11. Nc4 cxd4 12. Bxd4 Nc3 13. Qd3 Bxd4 14. Nxd4 Bxg2
15. Kxg2 Qd5+ 16. Qf3 Rd8 17. e3 Ne4 18. Rfd1 Na6 19. a4 Nac5 20. a5 Nxb3 21.
Nxb6 axb6 22. Nxb3 Qxb3 23. Qxe4 bxa5 24. Rxd8+ Rxd8 25. Rxa5 Qb6 26. Ra2 Qc7
27. h4 h5 28. Ra8 Rxa8 29. Qxa8+ Kg7 30. Qe4 Kg8 1/2-1/2

[Event "Vaujany Principal"]
[Site "Vaujany"]
[Date "2025.07.12"]
[Round "3"]
[White "Soyer, JY."]
[Black "Mohammad, N."]
[Result "0-1"]
[WhiteElo "2023"]
[BlackElo "2378"]
[PlyCount "44"]
[EventDate "2025.07.10"]
[EventType "swiss"]
[EventRounds "9"]
[EventCountry "FRA"]
[SourceVersionDate "2025.07.10"]

1. e4 g6 2. d4 Bg7 3. Nf3 c6 4. Be2 d6 5. a4 Nf6 6. Nc3 O-O 7. O-O Nbd7 8. Nd2
a6 9. a5 c5 10. d5 b5 11. axb6 Nxb6 12. Nc4 Nxc4 13. Bxc4 Nd7 14. Be2 Nb6 15.
Bg5 h6 16. Be3 Kh7 17. Ra2 a5 18. Bb5 Bd7 19. Be2 Qc7 20. Nb5 Qb7 21. c4 Nxc4
22. Bxc4 Bxb5 0-1

[Event "Vaujany Principal"]
[Site "Vaujany"]
[Date "2025.07.12"]
[Round "3"]
[White "Abergel, T."]
[Black "Breuil, T."]
[Result "1-0"]
[WhiteElo "2407"]
[BlackElo "2280"]
[PlyCount "75"]
[EventDate "2025.07.10"]
[EventType "swiss"]
[EventRounds "9"]
[EventCountry "FRA"]
[SourceVersionDate "2025.07.10"]

1. e4 c5 2. c3 d5 3. exd5 Qxd5 4. d4 Nf6 5. Nf3 Nc6 6. Be2 cxd4 7. cxd4 e6 8.
Nc3 Qd6 9. O-O Be7 10. Be3 O-O 11. Qd2 b6 12. Bf4 Qd8 13. Rad1 Bb7 14. Rfe1 Rc8
15. Bf1 Nb4 16. Ne5 Nbd5 17. Bd3 Bb4 18. Rc1 Nxf4 19. Qxf4 Nd5 20. Qg3 Nf6 21.
a3 Be7 22. Rcd1 Nh5 23. Qh3 g6 24. Be4 Bxe4 25. Rxe4 Bg5 26. Ree1 Nf4 27. Qg4
Bh6 28. d5 exd5 29. g3 Ne6 30. Rxd5 Qe7 31. Rd7 Qc5 32. Nxf7 Rxf7 33. Rxf7 Kxf7
34. Qxe6+ Kg7 35. Qd7+ Kg8 36. Ne4 Qf5 37. Nf6+ Kf8 38. Re8+ 1-0

[Event "Vaujany Principal"]
[Site "Vaujany"]
[Date "2025.07.13"]
[Round "4"]
[White "Mohammad Nubairshah"]
[Black "Womacka"]
[Result "1/2-1/2"]
[WhiteElo "2378"]
[BlackElo "2357"]
[PlyCount "58"]
[EventDate "2025.07.10"]
[EventType "swiss"]
[EventRounds "9"]
[EventCountry "FRA"]
[SourceVersionDate "2025.07.10"]

1. c4 c5 2. g3 Nf6 3. Bg2 d5 4. cxd5 Nxd5 5. Nc3 Nc7 6. d3 e5 7. Be3 Be7 8. Rc1
Ne6 9. Nf3 f6 10. O-O O-O 11. Nd2 Na6 12. Nd5 Nd4 13. Bxd4 exd4 14. e3 dxe3 15.
fxe3 Rb8 16. Qh5 g6 17. Qh4 Be6 18. Nxe7+ Qxe7 19. a3 Rbd8 20. d4 Bf5 21. Rc3
Nc7 22. e4 g5 23. Qh6 Bg6 24. d5 Nb5 25. Rcf3 Nd4 26. R3f2 Nc2 27. Rf3 Nd4 28.
R3f2 Nc2 29. Rf3 Nd4 1/2-1/2